| 000 | 01197cam a22002655a 4500 | ||
|---|---|---|---|
| 001 | L158289 | ||
| 008 | 141124s2014 xxk f 000 0 eng d | ||
| 035 | _a(Sirsi) u158289 | ||
| 041 | 0 | _aeng | |
| 100 | 1 | _aLipkin, Jonathan | |
| 110 | 2 | _aInternational Management Associiation | |
| 245 | 0 | 0 |
_aAsset management in the UK 2013-2014 _bThe IMA Annual Survey _h[electronic resource] |
| 260 |
_aLondon _bInternational Management Association _c2014 |
||
| 520 | _aThe annual survey captures asset management activity in the UK undertaken on behalf of domestic and overseas clients. Provides a general industry overview and and insight into broader trends as well as an indepth analysis of the UK institutional client market and UK fund market. Concludes with a look at structural and organisational issues. | ||
| 590 | _aKA | ||
| 650 | 2 | 4 | _aASSET MANAGEMENT |
| 651 | 4 | _aUnited Kingdom | |
| 690 |
_aInvestments _96250 |
||
| 700 | 1 | _aTaylor, Graham | |
| 700 | 1 | _aGarcha, Pritpal | |
| 700 | 1 | _aMetcalfe, Richard | |
| 700 | 1 | _aMeade, Ruth | |
| 856 | 4 | 0 |
_uhttps://www.investmentuk.org/research/ima-annual-industry-survey/ _zView the item free of charge from www.investmentuk.org |
| 942 |
_n0 _2ddc |
||
| 999 |
_c115247 _d115247 |
||